|
|
|
|
| LEADER |
01226nam a2200253 a 4500 |
| 001 |
4479710 |
| 008 |
091010s1995 mau d 000 0 eng d |
| 010 |
|
|
|a \\\96161343
|
| 020 |
|
|
|a 0913723347
|
| 040 |
|
|
|a MdBJ-W
|c MdBJ-W
|d DLC
|
| 082 |
0 |
0 |
|a 363.9/6/03
|2 21
|
| 100 |
1 |
|
|a Miller, Janice,
|d 1955-
|
| 245 |
1 |
0 |
|a Family planning management terms :
|b a pocket glossary in three languages /
|c Janice Miller, Claire Bahamon.
|
| 260 |
|
|
|a Newton, Mass. :
|b Family Planning Management Development, Management Sciences for Health,
|c c1995.
|
| 300 |
|
|
|a viii, 270 p. ;
|c 22 cm.
|
| 500 |
|
|
|a Text in English, Spanish and French.
|
| 500 |
|
|
|a "Funding for this publication was provided by the U.S. Agency for International Development under project number: 936-3055 and contract number: DPE-3055-C-00-0051-00"--T.p. verso.
|
| 541 |
1 |
|
|e 00006116
|
| 650 |
|
0 |
|a Birth control
|x Dictionaries, Polyglot.
|
| 650 |
|
0 |
|a Dictionaries, Polyglot.
|
| 700 |
1 |
|
|a Bahamon, Claire.
|
| 852 |
4 |
|
|a Ayesha Abed Library
|j General shelf
|
| 999 |
|
|
|c 4373
|d 4373
|
| 952 |
|
|
|0 0
|1 0
|2 ddc
|4 0
|6 363_960300000000000_MIL_1995
|7 0
|9 4068
|a BRACUL
|b BRACUL
|c GEN
|d 2009-10-10
|g 0.00
|l 0
|o 363.9603 MIL
|p 3010006116
|r 2009-10-10
|t 1
|w 2009-10-10
|y BK
|x No price found in the accession register.
|